[Event "Washington State-ch Premier"]
[Site "Redmond"]
[Date "2016.02.06"]
[Round "1"]
[White "Readey, John"]
[Black "MacGregor, Michael"]
[Result "1-0"]
[WhiteElo "2260"]
[BlackElo "2158"]
[PlyCount "61"]
[EventDate "2016.02.06"]
[EventType "tourn"]
[EventRounds "9"]
[EventCountry "USA"]
[SourceTitle "EXT 2018"]
[Source "ChessBase"]
[SourceDate "2017.10.13"]
[SourceVersion "1"]
[SourceVersionDate "2017.10.13"]
[SourceQuality "1"]

1. Nf3 Nf6 2. g3 g6 3. Bg2 Bg7 4. c4 c6 5. 0-0 0-0 6. b3 Ne4 7. d4 d5 8. Bb2 Nd7 9. Nbd2 f5 10. e3 e6 11. Ne1 e5 12. cxd5 cxd5 13. Ndf3 exd4 14. Nxd4 Ndf6 15. Nd3 Re8 16. Rc1 Bd7 17. Nf4 Qa5 18. Rc2 Rac8 19. Rxc8 Rxc8 20. Qa1 Qb6 21. Rd1 Re8 22. Nc2 Qc5 23. Rc1 Qd6 24. Nd4 a6 25. Rc2 g5 26. Nd3 Ng4 27. Nxf5 Bxf5 28. Bxg7 Nexf2 29. Nxf2 Bxc2 30. Nxg4 Be4 31. Nh6+ 1-0

[Event "Tacoma March Saturdays op"]
[Site "Tacoma"]
[Date "2014.03.15"]
[Round "3"]
[White "Bartron, Paul"]
[Black "MacGregor, Michael"]
[Result "1/2-1/2"]
[WhiteElo "2108"]
[BlackElo "2228"]
[PlyCount "111"]
[EventDate "2014.03.08"]
[EventType "swiss"]
[EventRounds "4"]
[EventCountry "USA"]
[SourceTitle "EXT 2017"]
[Source "ChessBase"]
[SourceDate "2016.10.25"]
[SourceVersion "1"]
[SourceVersionDate "2016.10.25"]
[SourceQuality "1"]

1. Nf3 Nf6 2. c4 c6 3. b3 d5 4. Bb2 Bf5 5. d3 e6 6. g3 Bc5 7. Bg2 dxc4 8. dxc4 Qxd1+ 9. Kxd1 Bxf2 10. Rf1 Bb6 11. Bd4 0-0 12. Bxb6 axb6 13. Kc1 h6 14. Nc3 Nbd7 15. Nd4 Bg6 16. Kb2 Nc5 17. h3 Rfd8 18. Rad1 Nfe4 19. Nxe4 Nxe4 20. Bxe4 Bxe4 21. Nf3 f6 22. Nd2 Bg2 23. Rg1 Bxh3 24. Nb1 Bg4 25. Nc3 e5 26. Kc2 Rd4 27. Rge1 Kf7 28. Rd2 Rad8 29. Red1 Ke7 30. Rxd4 exd4 31. Na4 b5 32. Nb2 Rd6 33. Nd3 Bxe2 34. Re1 Re6 35. Nf4 d3+ 36. Kd2 Re5 37. Ng6+ Kd6 38. Nxe5 fxe5 39. cxb5 cxb5 40. Rc1 g5 41. Rc8 h5 42. Rg8 h4 43. gxh4 gxh4 44. Rh8 e4 45. Rxh4 Kd5 46. Ke3 Bf3 47. Rh7 Kc5 48. a3 Kc6 49. b4 Kd5 50. Rxb7 Kc4 51. Rc7+ Kb3 52. Rc5 Kxa3 53. Rxb5 Kb3 54. Rb8 Kc3 55. b5 Kb4 56. b6 1/2-1/2

[Event "Tacoma March Saturdays op"]
[Site "Tacoma"]
[Date "2014.03.15"]
[Round "4"]
[White "MacGregor, Michael"]
[Black "Pupols, Viktors"]
[Result "0-1"]
[WhiteElo "2228"]
[BlackElo "2200"]
[PlyCount "90"]
[EventDate "2014.03.08"]
[EventType "swiss"]
[EventRounds "4"]
[EventCountry "USA"]
[SourceTitle "EXT 2017"]
[Source "ChessBase"]
[SourceDate "2016.10.25"]
[SourceVersion "1"]
[SourceVersionDate "2016.10.25"]
[SourceQuality "1"]

1. e4 e6 2. d4 d5 3. Nc3 Nf6 4. Bg5 dxe4 5. Nxe4 Be7 6. Bxf6 gxf6 7. Nf3 b6 8. Bb5+ c6 9. Bd3 Bb7 10. Qe2 Nd7 11. 0-0-0 Qc7 12. Kb1 0-0-0 13. c4 Kb8 14. Nc3 Rhe8 15. Rc1 Bf8 16. Rhe1 Bh6 17. Rcd1 f5 18. d5 Nf6 19. Qe5 Ng4 20. Qxc7+ Kxc7 21. dxc6 Bxc6 22. Rf1 a6 23. Be2 Bxf3 24. Bxf3 Nxh2 25. Rh1 Nxf3 26. gxf3 Rxd1+ 27. Nxd1 Rd8 28. Nc3 Bf8 29. Rxh7 Rd7 30. Kc2 Bc5 31. Nd1 Kd6 32. a3 a5 33. Kd3 Ke7+ 34. Ke2 Bd6 35. Rh8 Be5 36. Rc8 Bd4 37. f4 Bc5 38. Ne3 Rd4 39. Rc7+ Kf8 40. f3 Rxf4 41. Rc6 Rh4 42. b4 Rh2+ 43. Kd3 axb4 44. axb4 Bxb4 45. Rxb6 Rd2# 0-1

[Event "Washington State-ch Premier"]
[Site "Seattle"]
[Date "2014.02.16"]
[Round "8"]
[White "MacGregor, Michael"]
[Black "Rupel, David G"]
[Result "1/2-1/2"]
[WhiteElo "2179"]
[BlackElo "2069"]
[PlyCount "79"]
[EventDate "2014.02.08"]
[EventType "tourn"]
[EventRounds "9"]
[EventCountry "USA"]
[SourceTitle "EXT 2017"]
[Source "ChessBase"]
[SourceDate "2016.10.25"]
[SourceVersion "1"]
[SourceVersionDate "2016.10.25"]
[SourceQuality "1"]

1. e4 c5 2. Nf3 Nc6 3. d4 cxd4 4. Nxd4 g6 5. c4 Bg7 6. Nb3 Nf6 7. Nc3 d6 8. c5 0-0 9. cxd6 exd6 10. Bg5 h6 11. Bh4 g5 12. Bg3 Nxe4 13. Nxe4 Re8 14. Be2 Rxe4 15. 0-0 Be6 16. Bf3 Rb4 17. Qxd6 Bf8 18. Qxd8 Rxd8 19. Rfd1 Rxd1+ 20. Rxd1 Bg7 21. h3 Bxb2 22. Nc5 Nd4 23. Bh5 Bc4 24. Nd3 Bxd3 25. Rxd3 Rc4 26. Kh2 f5 27. f4 Rc6 28. Bf2 Rd6 29. Re3 Rd7 30. Be8 gxf4 31. Bxd7 fxe3 32. Bxe3 Kg7 33. Kg3 Kg6 34. Kh4 Ne2 35. Be8+ Kg7 36. Kh5 Ng3+ 37. Kh4 Ne2 38. Kh5 Ng3+ 39. Kh4 Ne2 40. Kh5 1/2-1/2

[Event "Washington State-ch Premier"]
[Site "Seattle"]
[Date "2014.02.15"]
[Round "6"]
[White "MacGregor, Michael"]
[Black "Haining, Kyle"]
[Result "1-0"]
[WhiteElo "2179"]
[BlackElo "1960"]
[PlyCount "73"]
[EventDate "2014.02.08"]
[EventType "tourn"]
[EventRounds "9"]
[EventCountry "USA"]
[SourceTitle "EXT 2017"]
[Source "ChessBase"]
[SourceDate "2016.10.25"]
[SourceVersion "1"]
[SourceVersionDate "2016.10.25"]
[SourceQuality "1"]

1. e4 g6 2. d4 Bg7 3. Bc4 d6 4. Nf3 Nf6 5. Nc3 0-0 6. 0-0 Nxe4 7. Nxe4 d5 8. Bd3 dxe4 9. Bxe4 Nd7 10. c3 c5 11. Qe2 cxd4 12. cxd4 Nf6 13. Bd3 Bg4 14. Be3 Qd5 15. Rfc1 Rac8 16. Rc3 Nd7 17. Rac1 Rcd8 18. Rc7 e5 19. Bc4 Qd6 20. Bg5 Rb8 21. Bb5 f6 22. Bxd7 Bxd7 23. dxe5 fxe5 24. Qe3 Bc6 25. Rxg7+ Kxg7 26. Bh6+ Kf6 27. Nxe5 Rbe8 28. Qg5+ Ke6 29. Re1 Rf5 30. Nxg6+ Kd7 31. Qxf5+ Kc7 32. Qa5+ b6 33. Qxa7+ Bb7 34. Rc1+ Qc6 35. Rxc6+ Kd8 36. Bg5+ Re7 37. Qxb7 1-0

[Event "Washington Class-ch Master"]
[Site "Redmond"]
[Date "2012.11.25"]
[Round "6"]
[White "Perez, Ignacio"]
[Black "MacGregor, Michael"]
[Result "1/2-1/2"]
[WhiteElo "2273"]
[BlackElo "2214"]
[PlyCount "137"]
[EventDate "2012.11.23"]
[EventType "swiss"]
[EventRounds "6"]
[EventCountry "USA"]
[SourceTitle "EXT 2017"]
[Source "ChessBase"]
[SourceDate "2016.10.25"]
[SourceVersion "1"]
[SourceVersionDate "2016.10.25"]
[SourceQuality "1"]

1. e4 e5 2. Nf3 Nc6 3. Bb5 a6 4. Ba4 Nf6 5. 0-0 Be7 6. Re1 b5 7. Bb3 d6 8. c3 Na5 9. Bc2 c5 10. d4 Qc7 11. Nbd2 Bg4 12. h3 Bxf3 13. Nxf3 0-0 14. b3 b4 15. cxb4 cxb4 16. Bb2 Nd7 17. Rc1 Rfd8 18. Bb1 Qb6 19. Qe2 Bf6 20. Red1 Nc6 21. Rc2 exd4 22. Rcd2 Nc5 23. Nxd4 Nxd4 24. Bxd4 Bxd4 25. Rxd4 Ne6 26. R4d2 Rac8 27. g3 Rc3 28. Kg2 Qc6 29. Bd3 Nc5 30. Bc4 g6 31. Bd5 Qe8 32. Rd4 a5 33. Rc4 Rxc4 34. Qxc4 Kg7 35. f4 f6 36. g4 Rc8 37. Rc1 Rc7 38. Qd4 h6 39. Rc4 g5 40. fxg5 hxg5 41. Rc2 Qe5 42. Qxe5 dxe5 43. Kg3 Ne6 44. Bc4 Nd4 45. Rh2 Rc8 46. h4 gxh4+ 47. Rxh4 a4 48. Kf2 a3 49. Rh1 Kg6 50. Ke3 Rd8 51. Bd5 Nb5 52. Be6 Nc3 53. Bf5+ Kg7 54. Rh7+ Kg8 55. Rh6 Nxa2 56. Rxf6 Nc3 57. Ra6 a2 58. g5 Rd1 59. Ra8+ Kg7 60. Ra7+ Kf8 61. g6 Rg1 62. Kf2 Rg5 63. Ke3 Ke8 64. Kf2 Kd8 65. Kf1 Rh5 66. Kg2 Rg5+ 67. Kf2 Nd1+ 68. Kf1 Nc3 69. Kf2 1/2-1/2

[Event "Washington Class-ch Master"]
[Site "Redmond"]
[Date "2012.11.24"]
[Round "2"]
[White "Collyer, Curt D"]
[Black "MacGregor, Michael"]
[Result "1-0"]
[WhiteElo "2288"]
[BlackElo "2214"]
[PlyCount "99"]
[EventDate "2012.11.23"]
[EventType "swiss"]
[EventRounds "6"]
[EventCountry "USA"]
[SourceTitle "EXT 2017"]
[Source "ChessBase"]
[SourceDate "2016.10.25"]
[SourceVersion "1"]
[SourceVersionDate "2016.10.25"]
[SourceQuality "1"]

1. Nf3 Nf6 2. g3 g6 3. b3 Bg7 4. Bb2 d5 5. Bg2 0-0 6. d3 c5 7. e3 Nc6 8. Nbd2 d4 9. exd4 cxd4 10. a3 Nd5 11. b4 a6 12. 0-0 f5 13. Nb3 e5 14. Nfd2 Nc3 15. Bxc3 dxc3 16. Nc4 Be6 17. Nc5 Bxc4 18. dxc4 e4 19. Nxb7 Qc7 20. Qd5+ Kh8 21. Nd6 Rab8 22. Rfd1 Ne5 23. c5 h6 24. Rab1 Kh7 25. Rb3 Nc6 26. Bf1 Ne7 27. Qe6 Rf6 28. Qc4 Ra8 29. Rxc3 Nc6 30. Qd5 Rd8 31. Bc4 Ne7 32. Qd2 Nc8 33. Qe2 Nxd6 34. cxd6 Qb6 35. d7 Rc6 36. Rb3 Qc7 37. Bd5 Rxc2 38. Qxa6 Rxd7 39. Qe6 Rd8 40. Re3 Rc1 41. Rxc1 Qxc1+ 42. Kg2 Qd2 43. Bc4 h5 44. b5 Qc2 45. Re2 Qb1 46. Qb6 Rd1 47. Bf7 Rg1+ 48. Kh3 Qf1+ 49. Kh4 Rxg3 50. fxg3 1-0

[Event "Washington State-ch Premier"]
[Site "Seattle"]
[Date "2011.02.21"]
[Round "9"]
[White "Pupols, Viktors"]
[Black "MacGregor, Michael"]
[Result "1-0"]
[WhiteElo "2181"]
[BlackElo "2209"]
[PlyCount "63"]
[EventDate "2011.02.12"]
[EventType "tourn"]
[EventRounds "9"]
[EventCountry "USA"]
[SourceTitle "EXT 2017"]
[Source "ChessBase"]
[SourceDate "2016.10.25"]
[SourceVersion "1"]
[SourceVersionDate "2016.10.25"]
[SourceQuality "1"]

1. d4 Nf6 2. c4 g6 3. Nc3 d5 4. Nf3 Bg7 5. Qb3 dxc4 6. Qxc4 0-0 7. e4 c6 8. Be2 Bg4 9. Be3 Nbd7 10. Rd1 Qc8 11. 0-0 b5 12. Qb3 a5 13. h3 b4 14. Na4 Be6 15. Qc2 h6 16. b3 Qb8 17. Nd2 Rd8 18. f4 Nb6 19. Nc5 Bc8 20. Nf3 Nh5 21. Ne5 Bb7 22. Bxh5 gxh5 23. Qe2 Nc8 24. Qxh5 Nd6 25. Rf3 Kh7 26. f5 Rg8 27. Ng4 Qf8 28. Nd7 Qe8 29. Bxh6 Rh8 30. Bxg7+ Kxg7 31. Qg5+ Kh7 32. Ndf6+ 1-0

[Event "Washington State-ch Premier"]
[Site "Seattle"]
[Date "2011.02.13"]
[Round "3"]
[White "Golub, David"]
[Black "MacGregor, Michael"]
[Result "1/2-1/2"]
[WhiteElo "2141"]
[BlackElo "2209"]
[PlyCount "80"]
[EventDate "2011.02.12"]
[EventType "tourn"]
[EventRounds "9"]
[EventCountry "USA"]
[SourceTitle "EXT 2017"]
[Source "ChessBase"]
[SourceDate "2016.10.25"]
[SourceVersion "1"]
[SourceVersionDate "2016.10.25"]
[SourceQuality "1"]

1. e4 e5 2. Nf3 Nc6 3. Bc4 Nf6 4. d3 Be7 5. Nbd2 0-0 6. h3 d5 7. exd5 Nxd5 8. 0-0 Nb6 9. Bb3 a5 10. a4 Bf5 11. Re1 Nd7 12. Bd5 Bf6 13. Nc4 Re8 14. Bd2 Ndb8 15. Be4 Bxe4 16. dxe4 Nd7 17. Be3 Nf8 18. c3 Qxd1 19. Raxd1 Rad8 20. Rd5 Rxd5 21. exd5 Ne7 22. Rd1 e4 23. Nh2 Rd8 24. Ng4 Ne6 25. Nxf6+ gxf6 26. Nxa5 b6 27. Nc4 Rxd5 28. Ra1 Nc6 29. Kf1 f5 30. g3 f6 31. b4 Ng5 32. a5 bxa5 33. bxa5 Nf3 34. a6 Rd8 35. a7 Nxa7 36. Bxa7 Ra8 37. Ra5 Rd8 38. Ke2 Rd3 39. Bd4 Ng1+ 40. Kf1 Rd1+ 1/2-1/2

[Event "Silverdale Beach Hotel Classic"]
[Site "Silverdale"]
[Date "2010.10.03"]
[Round "3"]
[White "Dean, Randall"]
[Black "MacGregor, Michael"]
[Result "1-0"]
[WhiteElo "2239"]
[BlackElo "2193"]
[PlyCount "79"]
[EventDate "2010.10.02"]
[EventType "swiss"]
[EventRounds "4"]
[EventCountry "USA"]
[SourceTitle "EXT 2017"]
[Source "ChessBase"]
[SourceDate "2016.10.25"]
[SourceVersion "1"]
[SourceVersionDate "2016.10.25"]
[SourceQuality "1"]

1. e4 e5 2. Nf3 Nc6 3. Bb5 a6 4. Ba4 Nf6 5. 0-0 Be7 6. Qe2 b5 7. Bb3 d6 8. c3 Bg4 9. d3 0-0 10. Re1 Na5 11. Bc2 c5 12. h3 Bd7 13. d4 cxd4 14. cxd4 Qc7 15. Bg5 Rfc8 16. Bd3 h6 17. Bh4 Nc6 18. dxe5 dxe5 19. Nc3 Be6 20. Rac1 Qd7 21. Red1 Qa7 22. Bg3 Nd7 23. Nd5 Bc5 24. a3 Bxd5 25. exd5 Nd4 26. Nxd4 Bxd4 27. Rc6 Rxc6 28. dxc6 Nc5 29. Bb1 Qb6 30. b4 Na4 31. Rc1 Rc8 32. Qe4 g6 33. Ba2 Kf8 34. Bxe5 Bxe5 35. Qxe5 Rxc6 36. Qh8+ Ke7 37. Re1+ Kd6 38. Qe5+ Kd7 39. Bxf7 Kc8 40. Qe8+ 1-0

[Event "Washington State-ch Premier"]
[Site "Redmond"]
[Date "2009.02.08"]
[Round "4"]
[White "Kelley, Dereque D"]
[Black "MacGregor, Michael"]
[Result "0-1"]
[WhiteElo "2099"]
[BlackElo "2220"]
[PlyCount "72"]
[EventDate "2009.02.07"]
[EventType "tourn"]
[EventRounds "9"]
[EventCountry "USA"]
[SourceTitle "EXT 2017"]
[Source "ChessBase"]
[SourceDate "2016.10.25"]
[SourceVersion "1"]
[SourceVersionDate "2016.10.25"]
[SourceQuality "1"]

1. c4 c6 2. d4 d5 3. Nc3 Nf6 4. e3 g6 5. Nf3 Bg7 6. h3 0-0 7. Bd3 c5 8. 0-0 cxd4 9. exd4 Nc6 10. a3 h6 11. Bf4 Kh7 12. Bh2 dxc4 13. Bxc4 a6 14. d5 Na5 15. Ba2 b5 16. d6 e6 17. Qe2 Bb7 18. Rad1 Nd7 19. Ne5 Nc6 20. f4 Rc8 21. Bb1 f5 22. Nxg6 Nd4 23. Nxf8+ Nxf8 24. Qf2 Qxd6 25. Kh1 Qc6 26. Bg1 Ng6 27. Qg3 Rg8 28. Rc1 Nxf4 29. Rxf4 Be5 30. Ne4 Qxc1 31. Rg4 Qxg1+ 32. Kxg1 Ne2+ 33. Kf2 Bxg3+ 34. Nxg3 Nxg3 35. Rxg3 Rxg3 36. Kxg3 Kg7 0-1

[Event "Washington State-ch Premier"]
[Site "Redmond"]
[Date "2009.02.08"]
[Round "3"]
[White "MacGregor, Michael"]
[Black "Guo, Alex"]
[Result "1-0"]
[WhiteElo "2220"]
[BlackElo "2121"]
[PlyCount "49"]
[EventDate "2009.02.07"]
[EventType "tourn"]
[EventRounds "9"]
[EventCountry "USA"]
[SourceTitle "EXT 2017"]
[Source "ChessBase"]
[SourceDate "2016.10.25"]
[SourceVersion "1"]
[SourceVersionDate "2016.10.25"]
[SourceQuality "1"]

1. e4 e6 2. d4 d5 3. Nc3 Bb4 4. e5 c5 5. Bd2 Ne7 6. Nb5 Bxd2+ 7. Qxd2 0-0 8. f4 Nbc6 9. Nf3 Nf5 10. Bd3 a6 11. Bxf5 axb5 12. Bxh7+ Kxh7 13. Ng5+ Kg8 14. Qd3 g6 15. Qh3 Qxg5 16. fxg5 Nxd4 17. 0-0 b6 18. a3 Nxc2 19. Rad1 d4 20. Rf4 f5 21. gxf6 Ne3 22. Qh6 Nf5 23. Qxg6+ Kh8 24. Rh4+ Nh6 25. Rxh6# 1-0

[Event "Washington Challenger's Cup"]
[Site "Tacoma"]
[Date "2008.12.28"]
[Round "4"]
[White "Schill, William"]
[Black "MacGregor, Michael"]
[Result "1/2-1/2"]
[WhiteElo "2246"]
[BlackElo "2195"]
[PlyCount "114"]
[EventDate "2008.12.27"]
[EventType "swiss"]
[EventRounds "4"]
[EventCountry "USA"]
[SourceTitle "EXT 2017"]
[Source "ChessBase"]
[SourceDate "2016.10.25"]
[SourceVersion "1"]
[SourceVersionDate "2016.10.25"]
[SourceQuality "1"]

1. e4 e5 2. Nf3 Nc6 3. Bb5 a6 4. Ba4 Nf6 5. 0-0 Be7 6. Re1 b5 7. Bb3 0-0 8. h3 d6 9. c3 Na5 10. Bc2 c5 11. d4 Qc7 12. Nbd2 Bd7 13. Nf1 Rfc8 14. d5 h6 15. b3 Nb7 16. c4 Rcb8 17. Bd2 Bf8 18. Ne3 g6 19. Nh2 Bg7 20. Nhg4 Nxg4 21. hxg4 Qc8 22. g3 Qf8 23. Kg2 f6 24. Qe2 Nd8 25. Rab1 Rb7 26. Rh1 Rab8 27. Bd3 Nf7 28. Rbf1 Qe7 29. f3 b4 30. Rf2 a5 31. Rhf1 a4 32. Bb1 Ra7 33. Bc1 axb3 34. axb3 Re8 35. Qd3 Ra6 36. f4 Rf8 37. Qd1 Raa8 38. Kg1 Rfe8 39. Ng2 Rf8 40. Nh4 Nh8 41. Ng2 Nf7 42. f5 g5 43. Bb2 Ra6 44. Ne1 Rfa8 45. Nd3 Qd8 46. Kg2 Qc7 47. Rh1 Kf8 48. Kf3 Ke7 49. Rhh2 Rh8 50. Kg2 Kd8 51. Kh1 Kc8 52. Bc1 Kb7 53. Be3 Rha8 54. Ra2 Rxa2 55. Rxa2 Rxa2 56. Bxa2 Qa5 57. Qc2 Nd8 1/2-1/2

[Event "Washington Class-ch Expert"]
[Site "Redmond"]
[Date "2008.11.30"]
[Round "6"]
[White "Huang, Richard"]
[Black "MacGregor, Michael"]
[Result "0-1"]
[WhiteElo "1847"]
[BlackElo "2220"]
[PlyCount "130"]
[EventDate "2008.11.28"]
[EventType "swiss"]
[EventRounds "6"]
[EventCountry "USA"]
[SourceTitle "EXT 2017"]
[Source "ChessBase"]
[SourceDate "2016.10.25"]
[SourceVersion "1"]
[SourceVersionDate "2016.10.25"]
[SourceQuality "1"]

1. Nf3 Nf6 2. g3 g6 3. Bg2 Bg7 4. 0-0 d5 5. c4 c6 6. cxd5 cxd5 7. d4 0-0 8. Nc3 Ne4 9. Qb3 Nxc3 10. bxc3 Nc6 11. Nd2 e6 12. Ba3 Re8 13. e3 Na5 14. Qb2 b6 15. Bb4 Ba6 16. Rfc1 Nc4 17. Qc2 Nxd2 18. Qxd2 Bc4 19. Bf1 Rc8 20. Re1 Qc7 21. Rac1 Bh6 22. Ba3 Qd7 23. Bxc4 Rxc4 24. Kg2 Rec8 25. h4 Qc6 26. Bb2 e5 27. f4 e4 28. g4 Bf8 29. a3 b5 30. Rh1 a5 31. Kg3 b4 32. cxb4 axb4 33. axb4 Bxb4 34. Qe2 Qa4 35. Qd1 Qxd1 36. Rhxd1 Rxc1 37. Rxc1 Rxc1 38. Bxc1 Be1+ 39. Kh3 h5 40. gxh5 gxh5 41. Kg2 Kg7 42. Kf1 Bxh4 43. Bd2 Be7 44. Kg2 Kg6 45. Kg3 Kf5 46. Kh3 Bf6 47. Bc3 Ke6 48. Be1 Kd7 49. Bh4 Bg7 50. Bf2 Kc6 51. Kh4 Kb5 52. Kxh5 Kc4 53. Kg5 Kd3 54. f5 Ke2 55. Bg3 Kxe3 56. Be5 Bf8 57. Kf6 Kf3 58. Kxf7 Ba3 59. Bc7 e3 60. Ba5 Ke4 61. Kg6 Kxd4 62. f6 Ke4 63. Bd8 e2 64. Be7 e1Q 65. Bxa3 Qg3+ 0-1

[Event "Washington Class-ch Expert"]
[Site "Redmond"]
[Date "2008.11.29"]
[Round "4"]
[White "May, Andy P"]
[Black "MacGregor, Michael"]
[Result "0-1"]
[WhiteElo "2122"]
[BlackElo "2220"]
[PlyCount "130"]
[EventDate "2008.11.28"]
[EventType "swiss"]
[EventRounds "6"]
[EventCountry "USA"]
[SourceTitle "EXT 2017"]
[Source "ChessBase"]
[SourceDate "2016.10.25"]
[SourceVersion "1"]
[SourceVersionDate "2016.10.25"]
[SourceQuality "1"]

1. d4 Nf6 2. Nf3 g6 3. Bf4 Bg7 4. e3 b6 5. h3 Bb7 6. Be2 c5 7. 0-0 0-0 8. c3 d6 9. a4 Nc6 10. Qb3 h6 11. Rd1 cxd4 12. cxd4 Na5 13. Qa3 Nd5 14. Bh2 Rc8 15. Nbd2 Nc6 16. Rac1 a5 17. Nc4 Nf6 18. Ne1 Nb4 19. Nd3 Nfd5 20. Qb3 Nxd3 21. Bxd3 Nb4 22. Na3 Nxd3 23. Qxd3 Qd7 24. Qb3 Qf5 25. Bg3 Bd5 26. Qb5 Qe4 27. Qf1 Bb3 28. Re1 Bxa4 29. f3 Qb7 30. Qd3 Rxc1 31. Rxc1 Rc8 32. Rc3 Bd7 33. Rb3 b5 34. Rc3 Rxc3 35. bxc3 b4 36. cxb4 axb4 37. Qb3 Be6 38. Qb2 Bd5 39. Nc2 b3 40. Na3 Qb4 41. Kf1 Kh7 42. Be1 Qa4 43. Bc3 Bb7 44. Nb1 Ba6+ 45. Kf2 d5 46. Nd2 Bc4 47. Ke1 e6 48. Nb1 Bf8 49. Kd2 Bb5 50. Ke1 Qc4 51. Kf2 Bd6 52. f4 g5 53. Bd2 Qf1+ 54. Kg3 Bd3 55. Nc3 Bc2 56. Na4 Qd3 57. Qc1 gxf4+ 58. Kf2 fxe3+ 59. Bxe3 Qg6 60. Nc3 Qg3+ 61. Kg1 Bd3 62. Qd2 Bf5 63. Ne2 Qh2+ 64. Kf1 Be4 65. Ng1 Qxg2+ 0-1

[Event "Washington State-ch Premier"]
[Site "Seattle"]
[Date "2008.02.16"]
[Round "6"]
[White "May, Andy P"]
[Black "MacGregor, Michael"]
[Result "0-1"]
[WhiteElo "2102"]
[BlackElo "2213"]
[PlyCount "118"]
[EventDate "2008.02.09"]
[EventType "tourn"]
[EventRounds "9"]
[EventCountry "USA"]
[SourceTitle "EXT 2017"]
[Source "ChessBase"]
[SourceDate "2016.10.25"]
[SourceVersion "1"]
[SourceVersionDate "2016.10.25"]
[SourceQuality "1"]

1. d4 Nf6 2. Nf3 g6 3. Bf4 Bg7 4. e3 d6 5. h3 Nbd7 6. Be2 b6 7. 0-0 Bb7 8. c4 0-0 9. Nc3 a6 10. b4 Qe8 11. a4 a5 12. Qb3 e5 13. Bh2 Ne4 14. Nd5 Bxd5 15. cxd5 exd4 16. exd4 Nd2 17. Nxd2 Qxe2 18. Nf3 axb4 19. Rfe1 Qa6 20. Re7 Rfd8 21. Qxb4 Bf8 22. Ree1 Nf6 23. Bg3 Re8 24. Rec1 Nxd5 25. Qb3 Qa5 26. Rab1 Bh6 27. Rc4 Ra7 28. Qc2 Qa6 29. Rb5 Qb7 30. h4 Ne7 31. a5 Nf5 32. axb6 cxb6 33. Rc6 Nxg3 34. fxg3 Qe7 35. Rbxb6 Qe2 36. Rb2 Ra1+ 37. Kh2 Qf1 38. Kh3 Qh1+ 39. Nh2 Ree1 40. g4 Rec1 41. Qe2 Ra3+ 42. g3 Qxc6 43. Rb8+ Kg7 44. g5 Bxg5 45. hxg5 Rcc3 46. Qf2 Rxg3+ 47. Qxg3 Rxg3+ 48. Kxg3 Qc7 49. Re8 h6 50. gxh6+ Kxh6 51. Nf3 g5 52. Rh8+ Kg7 53. Rh5 f6 54. Rh1 d5+ 55. Kg2 Qf4 56. Rd1 g4 57. Nh4 Qe4+ 58. Kf2 Qc2+ 59. Ke1 g3 0-1

[Event "Washington Challengers Cup Playoff KO"]
[Site "Tacoma"]
[Date "2007.12.30"]
[Round "1"]
[White "Bragg, David R"]
[Black "MacGregor, Michael"]
[Result "1-0"]
[WhiteElo "2200"]
[BlackElo "2203"]
[PlyCount "109"]
[EventDate "2007.12.30"]
[EventType "k.o. (rapid)"]
[EventRounds "2"]
[EventCountry "USA"]
[SourceTitle "EXT 2017"]
[Source "ChessBase"]
[SourceDate "2016.10.25"]
[SourceVersion "1"]
[SourceVersionDate "2016.10.25"]
[SourceQuality "1"]

1. e4 e5 2. Nf3 Nc6 3. Bb5 a6 4. Ba4 f5 5. exf5 e4 6. Qe2 Qe7 7. Bxc6 dxc6 8. Nd4 Nf6 9. Nc3 Qe5 10. Ne6 Bxe6 11. fxe6 Bd6 12. b3 0-0-0 13. Bb2 Rhe8 14. 0-0-0 Qxe6 15. h3 Qf5 16. g3 Bc5 17. Rdf1 Qf3 18. Qe1 Rd7 19. Kb1 Red8 20. Bc1 Bd4 21. Ne2 Be5 22. Rh2 Nd5 23. Ng1 Qf5 24. Qe2 Bf6 25. f4 exf3 26. Rxf3 Qe5 27. Qxe5 Bxe5 28. Re2 Bf6 29. c3 Re7 30. Rxe7 Nxe7 31. Kc2 Ng6 32. d4 b5 33. b4 Re8 34. Kd3 Kd7 35. Ne2 Ne7 36. Bd2 Nc8 37. g4 h6 38. Ng3 Nb6 39. Ne4 Be7 40. Rf7 Nc4 41. Rxg7 Rf8 42. Bxh6 Rf3+ 43. Ke2 Rxh3 44. Bg5 Kc8 45. Rxe7 Rh2+ 46. Kd3 Rh3+ 47. Ke2 Rh2+ 48. Kf3 Rxa2 49. Nc5 Nd6 50. Rh7 Kb8 51. Bf4 Rc2 52. Bxd6 cxd6 53. Nxa6+ Kc8 54. Rc7+ Kd8 55. Rxc6 1-0

[Event "Washington Class-ch Master"]
[Site "Seattle"]
[Date "2007.11.25"]
[Round "6"]
[White "Lee, Michael"]
[Black "MacGregor, Michael"]
[Result "1/2-1/2"]
[WhiteElo "2243"]
[BlackElo "2213"]
[PlyCount "114"]
[EventDate "2007.11.23"]
[EventType "swiss"]
[EventRounds "6"]
[EventCountry "USA"]
[SourceTitle "EXT 2017"]
[Source "ChessBase"]
[SourceDate "2016.10.25"]
[SourceVersion "1"]
[SourceVersionDate "2016.10.25"]
[SourceQuality "1"]

1. c4 c6 2. Nc3 d5 3. cxd5 cxd5 4. d4 Nf6 5. Nf3 g6 6. Bf4 Bg7 7. e3 0-0 8. Bd3 Nc6 9. h3 h6 10. a3 Be6 11. b4 Rc8 12. Rc1 a5 13. b5 Nb8 14. 0-0 Nbd7 15. Na4 g5 16. Bh2 g4 17. hxg4 Bxg4 18. Rxc8 Qxc8 19. Qd2 Ne4 20. Qxa5 Bxf3 21. gxf3 Ng5 22. Be2 Qc2 23. Bd1 Qg6 24. Bg3 h5 25. Qc7 Nf6 26. Kh1 Qf5 27. Qf4 Qh3+ 28. Kg1 Bh6 29. Bc2 h4 30. Bf5 hxg3 31. Qxg5+ Bxg5 32. Bxh3 Ra8 33. Nc5 Rxa3 34. f4 gxf2+ 35. Kxf2 Bxf4 36. Re1 b6 37. Nd7 Ne4+ 38. Kf3 Bh6 39. Nxb6 e6 40. Bg2 Ra2 41. Re2 Rxe2 42. Kxe2 Nc3+ 43. Kd3 Nxb5 44. e4 dxe4+ 45. Bxe4 Nd6 46. Bf3 Kg7 47. Nd7 Bf4 48. Bd1 Bh2 49. Ne5 f5 50. Bb3 Bxe5 51. dxe5 Nb7 52. Kd4 Kf7 53. Ba2 Nd8 54. Ke3 Nc6 55. Kf4 Ne7 56. Kg5 Ng6 57. Bb1 Nxe5 1/2-1/2